COLONIALISM English and Punjabi (Record no. 16134)

000 -LEADER
fixed length control field 00411nam a22001337a 4500
003 - CONTROL NUMBER IDENTIFIER
control field NUST
005 - DATE AND TIME OF LATEST TRANSACTION
control field 20170530113337.0
008 - FIXED-LENGTH DATA ELEMENTS--GENERAL INFORMATION
fixed length control field 170530b xxu||||| |||| 00| 0 eng d
020 ## - INTERNATIONAL STANDARD BOOK NUMBER
International Standard Book Number 9789698535292
040 ## - CATALOGING SOURCE
Original cataloging agency DLC
Language of cataloging DLC
Transcribing agency RCMS
050 ## - LIBRARY OF CONGRESS CALL NUMBER
Classification number 325.3 SHA
082 ## - DEWEY DECIMAL CLASSIFICATION NUMBER
Classification number 325.3 SHA
Author Mark 2015
245 ## - TITLE STATEMENT
Title COLONIALISM English and Punjabi
Statement of responsibility, etc. Safdar Ali Shah
260 ## - PUBLICATION, DISTRIBUTION, ETC.
Place of publication, distribution, etc. Islamabad, Pakistan
Name of publisher, distributor, etc. National University of Sciences and Technology
Date of publication, distribution, etc. 2015
300 ## - PHYSICAL DESCRIPTION
Extent xx, 349 p.
Other physical details Includes index.
Dimensions 23 cm.
440 ## - SERIES STATEMENT/ADDED ENTRY--TITLE
Title COLONIALISM English and Punjabi
9 (RLIN) 1556
538 ## - SYSTEM DETAILS NOTE
Display text Shelf # 13, Row # 4, Fiction.
650 ## - SUBJECT ADDED ENTRY--TOPICAL TERM
Topical term or geographic name entry element 1. Colonialism english---punjabi
9 (RLIN) 1557
856 ## - ELECTRONIC LOCATION AND ACCESS
Materials specified Table of Contents Only.
942 ## - ADDED ENTRY ELEMENTS (KOHA)
Source of classification or shelving scheme
Koha item type Book
Classification part 325.3 SHA
Holdings
Withdrawn status Lost status Damaged status Not for loan Collection code Permanent Location Current Location Shelving location Date acquired Total Checkouts Full call number Barcode Date last seen Price effective from Koha item type
          Centre for International Peace & Stability (CIPS) Centre for International Peace & Stability (CIPS) General Stacks 05/29/2015   338.9009171 SAF 2015 CIPS0002591 06/03/2015 06/03/2015 Book
© 2023 Central Library, National University of Sciences and Technology. All Rights Reserved.